Creation of a Mexican landscape : territorial organization and settlement in the eastern Puebla basin, 1520-1605 /

Bibliographic Details
Main Author: Licate, Jack A. (Jack Anthony), 1940-
Format: Book
Language:English
Published: Chicago, Ill. : University of Chicago, Dept. of Geography, 1981.
Series:Research paper (University of Chicago. Department of Geography) ; no. 201.
Subjects:

MARC

Tag First Indicator Second Indicator Subfields
LEADER 00000cam a2200000 a 4500
001 in00000070100
005 20151008061605.0
008 810727s1981 ilub b 00010 eng
010 |a  81012941  
020 |a 0890651078 (pbk.) :  |c $8.00 
035 |a (OCoLC)07739407 
035 |9 AAJ8389AM 
039 0 |a 2  |b 3  |c 3  |d 3  |e 3 
040 |a DLC  |c DLC  |d OCL  |d TXA  |d UtOrBLW 
043 |a n-mx--- 
049 |a TXAM  |c [800557] 
050 0 0 |a H31  |b .C514 no. 201  |a GF517.P83 
082 0 |a 910 s  |a 972/.48  |2 19 
100 1 |a Licate, Jack A.  |q (Jack Anthony),  |d 1940- 
245 1 0 |a Creation of a Mexican landscape :  |b territorial organization and settlement in the eastern Puebla basin, 1520-1605 /  |c by Jack A. Licate. 
264 1 |a Chicago, Ill. :  |b University of Chicago, Dept. of Geography,  |c 1981. 
300 |a x, 143 pages :  |b maps ;  |c 23 cm. 
336 |a text  |b txt  |2 rdacontent 
337 |a unmediated  |b n  |2 rdamedia 
338 |a volume  |b nc  |2 rdacarrier 
490 1 |a Research paper / The University of Chicago, Department of Geography ;  |v no. 201 
504 |a Bibliography: pages 135-143. 
651 0 |a Puebla (Mexico : State)  |x History. 
651 0 |a Puebla (Mexico : State)  |x Civilization. 
651 0 |a Mexico  |x Civilization. 
650 0 |a Human geography  |z Mexico  |z Puebla (State) 
830 0 |a Research paper (University of Chicago. Department of Geography) ;  |v no. 201. 
999 |a MARS 
999 f f |s 78588478-b6ed-3c3f-aa62-ef8d664c36d4  |i 88507c3c-1bc2-30d6-9d0e-6804862255ff  |t 0 
952 f f |p ric  |a Texas A&M University  |b Rellis Campus  |c Joint Library Facility  |d Remote Storage  |t 0  |e H31 .C514 no. 201  |h Library of Congress classification  |i unmediated -- volume  |m A14806117797 
998 f f |a H31 .C514 no. 201  |t 0  |l Remote Storage